Organizačné modely tvorby inovačného programu v podniku záverečná práca postgraduálneho štúdia

Saved in:
Bibliographic Details
Main Author: Piech, Ivo
Corporate Author: Vysoká škola ekonomická v Bratislave
Other Authors: Leščišin, Michal
Format: Book
Language:Slovak
Published: Bratislava 1987
Tags: Add Tag
No Tags, Be the first to tag this record!

MARC

LEADER 00000nam a2200000 4500
001 c024563
005 20230116121549.9
041 0 |a slo 
044 |a SK 
245 1 0 |a Organizačné modely tvorby inovačného programu v podniku  |b záverečná práca postgraduálneho štúdia  |c Ivo Piech ; Ved. práce Michal Leščišin 
264 1 |a Bratislava  |c 1987 
300 |a 81 s. 
100 1 |a Piech, Ivo 
700 1 |a Leščišin, Michal 
710 2 |a Vysoká škola ekonomická v Bratislave